Rozhovory

Bibliographic Details
Main Author: Lippert, Peter, 1879-1936 (Author)
Other Authors: Gazdík, Teofil, 1923-2008 (Translator), Papík, M. (Bookjacket designer)
Format: Book
Language:Slovak
German
Published: Trnava Spolok sv. Vojtecha 1947
Series:Základ
Subjects:

MARC

LEADER 00000cam a2200000 a 4500
001 vtls008383033
003 SK-MaSNL
005 20260301043244.0
008 250312s1947 xo g 000 e slo
015 |a SNBA19451955-006735 
035 |a SK01SNKBKSFS20010075250 
035 |a urn:nbn:sk:snk-am3hsu7 
035 |a 62332111-9D56-45AA-94D2-848C387FE989 
035 |a urn:nbn:sk:snk-am00d82m 
035 |a SKM000077713 
040 |a SNK  |b slo  |c SNK  |e AACR2 
041 1 |a slo  |h ger 
044 |a xo  |c SK 
080 |a 244  |2 1981 
100 1 |a Lippert, Peter,  |d 1879-1936  |4 aut  |9 120335 
240 1 0 |a Gespräche  |l Slovensky 
245 1 0 |a Rozhovory  |c Peter Lippert ; [preložil Teofil Gazdík] 
260 |a Trnava  |b Spolok sv. Vojtecha  |c 1947  |e Trnava  |f Spolok Sv. Vojtecha 
300 |a 100, [3] s.  |c 8° 
490 0 |a Základ  |v sv. 4 
500 |a Preložené z nemčiny 
650 0 7 |a kresťansklá viera  |2 SNKPH  |9 347771 
655 7 |a eseje  |2 SNKPH  |9 57030 
700 1 |a Gazdík, Teofil,  |d 1923-2008  |4 trl  |9 174367 
700 1 |a Papík, M.  |4 bjd  |9 347772 
830 0 |a Základ  |9 347773 
852 |a Slovenská národná knižnica 
958 |a OND 
958 |a RK 
958 |a TL 
999 |c 593113  |d 595043 
952 |a SNK  |b SNK  |y VYP  |7 0  |p 17A0654262  |o snkSD 4868/4 D1  |i snkVI. 2213/55  |3 rekatalogizácia  |0 0  |1 0  |4 0  |d 2007-05-29  |l 0  |r 2026-02-23 15:30:26  |w 2026-02-23 
952 |a SNK  |b SNK  |y PREZ  |7 0  |p 17A0895389  |o snkSD 4868/4  |i snk5501/47  |0 0  |1 0  |4 0  |d 2018-10-15  |f 1  |l 0  |r 2025-11-11 00:00:00  |w 2026-02-23